000 00481nam a2200181Ia 4500
005 20250326125428.0
008 250326s9999 xx 000 0 und d
037 _aTextbook
040 _aFMSL
_beng
_cFMSL
041 _aeng
_2eng
084 _aY5 M3
_qFMSL
100 _aKerbo H R
_9739069
245 0 _aSocial stratification and inequality
_cKerbo H R
260 _aNY
_bNY, McGraw-Hill
_c1983
300 _a494p
942 _cTB
_hY5 M3
999 _c1278022
_d1278022